Sex, love, & the life of the spirit /

Bibliographic Details
Corporate Author: Institute of Spiritual Theology
Other Authors: Rock, Augustine
Format: Book
Language:English
Published: Chicago : Priory Press, [1966]
Series:Special lectures (Institute of Spirituality) ; v. 1.
Subjects:

MARC

Tag First Indicator Second Indicator Subfields
LEADER 00000cam a2200000 4500
001 in00000038411
005 20151007081027.0
008 770912s1966 ilu b 00000 eng
010 |a  66017485  
035 |a (OCoLC)03258030 
035 |9 AAF5763AM 
040 |a DLC  |c IVD  |d TXA  |d UtOrBLW 
049 |a TXAM  |c [469307] 
050 0 0 |a BT708  |b .A7 
082 0 |a 241 
092 |a 241  |b A657s 
110 2 |a Institute of Spiritual Theology. 
245 1 0 |a Sex, love, & the life of the spirit /  |c Augustine Rock, editor. 
264 1 |a Chicago :  |b Priory Press,  |c [1966] 
300 |a xii, 236 pages ;  |c 23 cm. 
336 |a text  |b txt  |2 rdacontent 
337 |a unmediated  |b n  |2 rdamedia 
338 |a volume  |b nc  |2 rdacarrier 
490 1 |a Institute of Spiritual Theology. Special lectures, v.1, 1965 
504 |a Bibliography: pages 235-236. 
650 0 |a Sex  |x Religious aspects  |x Christianity. 
700 1 |a Rock, Augustine. 
830 0 |a Special lectures (Institute of Spirituality) ;  |v v. 1. 
999 |a MARS 
999 f f |s 82252d19-043c-3f6b-af7b-60aeeed1fc31  |i b2232bf4-8e04-30f4-8747-334385d9871e  |t 0 
952 f f |p ric  |a Texas A&M University  |b Rellis Campus  |c Joint Library Facility  |d Remote Storage  |t 0  |e BT708 .A7  |h Library of Congress classification  |i unmediated -- volume  |m A14800609584 
998 f f |a BT708 .A7  |t 0  |l Remote Storage